000 00774nab a2200181 4500
999 _c372384
_d372384
001 90031
003 OSt
005 20230420103929.0
007 tu
008 110905s2000|||||||
040 _aDE-2950
_cDE-2950
245 0 0 _aBetroffenheit nach dem Tod von Jörg Schröder.
_bAbschied. Die Nachricht vom Tod des Bürgermeisters von Seelow hat sich in der Kreisstadt rasch verbreitet. In der Nacht zu Sonnabend war der 64-jährige ins Klinikum gebracht worden, wo er verstarb. Trauer und Anteilnahme sind auch in Frankfurt groß /
_cUlf Grieger
264 _c2023
653 _aSeelow <Märkisch Oderland>
653 _aSchröder, Jörg; Bürgermeister 1958 - 2023
773 0 _g34. Jahrgang (2023) Nr. 90, 18.04.2023, S. 18: mit Foto
_tMärkische Oderzeitung
942 _2z
_cA